000 01193nac a22003257a 4500
001 BR8100051
003 BR-BrBNA
005 20240105114853.0
008 230509b bl.|||m| |||| 00| 0 por d
040 _aBR-BrBNA
_bpor
_cBiblioteca Nacional de Agricultura
072 _aL72
090 _a5300 BR8100051
100 1 _aFormiga, D. das N.
100 1 _aUeno, H.
100 1 _aLignon, G.B.
110 1 _aCentro Nacional de Pesquisa de Suinos, Concordia, SC (Brasil)
_91808
245 1 _aA presenca de especies de Oesophagostomum em suinos no municipio de Concordia - S.C. [Sus domesticus; Verminose; Santa Catarina; Brasil]
246 1 _a[Presence of Oesophagostomum species in pigs in the country of Concordia - S.C. [Sus domesticus; Verminosis; Santa Catarina; Brazil]]
260 3 _aConcordia, SC (Brasil):
_cJan 1980.
300 _a3 p.
490 _aComunicado Tecnico - Centro Nacional de Pesquisa de Suinos (Brazil)
_vno. 5
_x
650 _aPraga de animal
650 _aSuino
650 _aVerminose
650 _aParasito de animal
650 _aConcordia
650 _aSanta Catarina
909 _a202312
_bLúcia Elande
_c55
_dLúcia Elande
942 _2AGRIS
_n0
_cMS
999 _c271775
_d271775